| 000 -CABECERA |
| campo de control de longitud fija |
00795nam a2200241 u 4500 |
| 001 - NÚMERO DE CONTROL |
| campo de control |
000055074 |
| 005 - FECHA Y HORA DE LA ÚLTIMA TRANSACCIÓN |
| campo de control |
20200120222954.0 |
| 008 - DATOS DE LONGITUD FIJA--INFORMACIÓN GENERAL |
| campo de control de longitud fija |
130530s1970 sp a gr 001 0 spa d |
| 041 0# - CÓDIGO DE LENGUA |
| Código de lengua del texto/banda sonora o título independiente |
|spa |
| Código de lengua del sumario o resumen |
eng |
| 043 ## - CÓDIGO DE ÁREA GEOGRÁFICA |
| Código de área geográfica |
-e-sp--- |
| 082 04 - NÚMERO DE LA CLASIFICACIÓN DECIMAL DEWEY |
| Número de clasificación |
621.39 |
| Número de documento/Ítem |
N17 |
| Número de edición |
21 |
| 100 1# - ENTRADA PRINCIPAL--NOMBRE DE PERSONA |
| Nombre de persona |
Nashelsky, Louis |
| 245 10 - MENCIÓN DE TÍTULO |
| Título |
Teoría de las calculadoras numéricas automaticas / |
| Mención de responsabilidad, etc. |
Louis Nashelsky ; versión española de Alfonso Fernández Díaz. |
| 250 ## - MENCIÓN DE EDICIÓN |
| Mención de edición |
1a. ed. |
| 260 ## - PUBLICACIÓN, DISTRIBUCIÓN, ETC. |
| Lugar de publicación, distribución, etc. |
Madrid (España) : |
| Nombre del editor, distribuidor, etc. |
Alhambra, |
| Fecha de publicación, distribución, etc. |
1970. |
| 300 ## - DESCRIPCIÓN FÍSICA |
| Extensión |
374 p. : |
| Otras características físicas |
il. |
| 490 #0 - MENCIÓN DE SERIE |
| Mención de serie |
Exedra |
| Designación de volumen o secuencia |
70 |
| -- |
Electricidad y electrónica ; |
| Designación de volumen o secuencia |
2 |
| 500 ## - NOTA GENERAL |
| Nota general |
Incluye índice |
| 650 27 - PUNTO DE ACCESO ADICIONAL DE MATERIA--TÉRMINO DE MATERIA |
| Término de materia o nombre geográfico como elemento de entrada |
Maquinas calculadoras |
| Fuente del encabezamiento o término |
LEMB |
| 650 27 - PUNTO DE ACCESO ADICIONAL DE MATERIA--TÉRMINO DE MATERIA |
| Término de materia o nombre geográfico como elemento de entrada |
Programación |
| Fuente del encabezamiento o término |
LEMB |
| 650 27 - PUNTO DE ACCESO ADICIONAL DE MATERIA--TÉRMINO DE MATERIA |
| Término de materia o nombre geográfico como elemento de entrada |
Computadores electrónicos digitales |
| Fuente del encabezamiento o término |
LEMB |
| 700 1# - PUNTO DE ACCESO ADICIONAL--NOMBRE DE PERSONA |
| Nombre de persona |
Fernández Díaz, Alfonso |
| Término indicativo de función/relación |
tr. |